The world we live in / (Record no. 32692)

MARC details
000 -LEADER
fixed length control field 02530nam a22003617a 4500
005 - DATE AND TIME OF LATEST TRANSACTION
control field 20091214093924.0
008 - FIXED-LENGTH DATA ELEMENTS--GENERAL INFORMATION
fixed length control field 091214t xxu||||| |||| 00| 0 eng d
010 ## - LCCN (DPL NO)
LC control number B-380490-500
020 ## - INTERNATIONAL STANDARD BOOK NUMBER
International Standard Book Number 9788184510188
Terms of availability 200.00
035 ## - SYSTEM CONTROL NUMBER
System control number B-380490-500
037 ## - SOURCE OF ACQUISITION
Source of stock number/acquisition UBH
040 ## - CATALOGING SOURCE
Original cataloging agency dpl
Language of cataloging English
082 ## - DEWEY DECIMAL CLASSIFICATION NUMBER
Classification number 503
245 ## - TITLE STATEMENT
Title The world we live in /
Statement of responsibility, etc compiled by Ruchi Batra
260 ## - PUBLICATION, DISTRIBUTION, ETC. (IMPRINT)
Place of publication, distribution, etc New Delhi
Name of publisher, distributor, etc Dreamland Publications
Date of publication, distribution, etc 2008
270 ## - ADDRESS
Address J-128, Kirti Nagar,
City New Delhi
Postal code 110015
300 ## - PHYSICAL DESCRIPTION
Extent 80p.:
Other physical details col. ill.
Dimensions 28cm(Hb)
490 ## - SERIES STATEMENT
Series statement Kid's first library of knowledge ; book-8
700 ## - ADDED ENTRY--PERSONAL NAME
Personal name Batra, Ruchi
942 ## - ADDED ENTRY ELEMENTS (KOHA)
Source of classification or shelving scheme Dewey Decimal Classification
Item type Children Books
Call number suffix WOR
Classification part 503
Holdings
Withdrawn status Lost status Source of classification or shelving scheme Damaged status Not for loan Collection code Home library Current library Date acquired Source of acquisition Cost, normal purchase price Total Checkouts Full call number Barcode Date last seen Copy number Cost, replacement price Koha item type Checked out Total Renewals
    Dewey Decimal Classification     Non-fiction Bagh Kadhe Khan Bagh Kadhe Khan 25/05/2010 UBH /252/3.3.10/172/27.1.10/3.3.10 200.00   503 WOR B-380496 25/05/2010 1 200.00 Children Books    
    Dewey Decimal Classification     Non-fiction Bawana Bawana 25/05/2010 UBH /252/3.3.10/172/27.1.10/3.3.10 200.00 2 503 WOR B-380495 31/05/2022 1 200.00 Children Books    
    Dewey Decimal Classification     Non-fiction Bawana Bawana 25/05/2010 UBH /252/3.3.10/172/27.1.10/3.3.10 200.00   503 WOR B-380498 25/05/2010 1 200.00 Children Books    
    Dewey Decimal Classification     Non-fiction Central Library Central Library 25/05/2010 UBH /252/3.3.10/172/27.1.10/3.3.10 200.00   503 WOR B-380490 25/05/2010 1 200.00 Children Books    
    Dewey Decimal Classification     Non-fiction Janak Puri Janak Puri 25/05/2010 UBH /252/3.3.10/172/27.1.10/3.3.10 200.00 13 503 WOR B-380492 07/01/2011 1 200.00 Children Books 21/01/2011  
    Dewey Decimal Classification     Non-fiction Narela Narela 25/05/2010 UBH /252/3.3.10/172/27.1.10/3.3.10 200.00   503 WOR B-380497 25/05/2010 1 200.00 Children Books    
    Dewey Decimal Classification     Non-fiction Patel Nagar Patel Nagar 25/05/2010 UBH /252/3.3.10/172/27.1.10/3.3.10 200.00 1 503 WOR B-380491 19/01/2022 1 200.00 Children Books    
  Written-off vide DLB M. No. 383 dt 16.05.19 Dewey Decimal Classification     Non-fiction R.C.Libraries (BL-IV) R.C.Libraries (BL-IV) 25/05/2010 UBH /252/3.3.10/172/27.1.10/3.3.10 200.00   503 WOR B-380500 25/05/2010 1 200.00 Children Books    
    Dewey Decimal Classification     Non-fiction Sarojini Nagar Sarojini Nagar 25/05/2010 UBH /252/3.3.10/172/27.1.10/3.3.10 200.00   503 WOR B-380493 25/05/2010 1 200.00 Children Books    
  Written-off vide DLB M. No. 383 dt 16.05.19 Dewey Decimal Classification     Non-fiction Shahdara Branch Shahdara Branch 25/05/2010 UBH /252/3.3.10/172/27.1.10/3.3.10 200.00   503 WOR B-380499 25/05/2010 1 200.00 Children Books    
    Dewey Decimal Classification     Non-fiction Vinoba Puri Vinoba Puri 25/05/2010 UBH /252/3.3.10/172/27.1.10/3.3.10 200.00 7 503 WOR B-380494 19/12/2017 1 200.00 Children Books   1

© Delhi Public Library
Hit Counter
free hit counter